期刊信息 |
| 索取号 |
TP3/ACM
|
| 题名 |
ACM Computing Surveys
|
| 作者 |
|
| 分册号 |
|
| 分册名 |
|
| 出版地 |
|
| 出版者 |
|
| 标准刊号 |
0360-0300
|
| 出版频率 |
季刊
|
| 中图法分类 |
TP3
|
| 主题词 |
计算技术; 电子计算机
|
| 电子资源 | |
| |
|
| 000 | 00443nas0 2200181 45 | |
| 001 | 0637703422 | |
| 005 | 20110901170434.96 | |
| 011 | @a0360-0300@dCNY1838.00(2010) | |
| 100 | @a20060227d km y0chiy0120 ea | |
| 101 | 0 | @aeng |
| 200 | 1 | @aACM Computing Surveys |
| 300 | @aTechnology Architecture for the 21st. | |
| 326 | @a季刊 | |
| 606 | 0 | @a计算技术 |
| 606 | 0 | @a电子计算机 |
| 690 | @aTP3@v4 | |
| 801 | 0 | @aCN@bPFT@c20110901 |
| 905 | @dTP3@eACM | |
| ACM Computing Surveys |
| Technology Architecture for the 21st. |
| ISSN 0360-0300:CNY1838.00(2010) |
| ● |
| 相关链接: |
|
|
|
|